Renewed Vision for Consecrated Life: (Record no. 197118)

MARC details
000 -LEADER
fixed length control field 00594nam a22001817a 4500
005 - DATE AND TIME OF LATEST TRANSACTION
control field 20230911122847.0
010 ## - LCCN (DPL NO)
LC control number ENG-137795
020 ## - INTERNATIONAL STANDARD BOOK NUMBER
Terms of availability 500.00
International Standard Book Number 9789351480983
035 ## - SYSTEM CONTROL NUMBER
System control number EN-121327
037 ## - SOURCE OF ACQUISITION
Source of stock number/acquisition Christian World Imprints
082 ## - DEWEY DECIMAL CLASSIFICATION NUMBER
Classification number 265.92
100 ## - MAIN ENTRY--PERSONAL NAME
Personal name Jose,Fabian
245 ## - TITLE STATEMENT
Title Renewed Vision for Consecrated Life:
Remainder of title Mystics,Prophets and Jesus Chirst/
Statement of responsibility, etc by Swami Gokulnanda
260 ## - PUBLICATION, DISTRIBUTION, ETC. (IMPRINT)
Place of publication, distribution, etc New Delhi
Name of publisher, distributor, etc Christian World Imprints
Date of publication, distribution, etc 2016
270 ## - ADDRESS
Address H-12 Bali Nagar,
City New Delhi-110015
300 ## - PHYSICAL DESCRIPTION
Extent 134p.
Dimensions 22cm(pbk)
Other physical details Index
942 ## - ADDED ENTRY ELEMENTS (KOHA)
Source of classification or shelving scheme Dewey Decimal Classification
Item type English Books
Call number suffix JOS
Classification part 265.92
Holdings
Withdrawn status Lost status Not for loan Collection code Home library Current library Date acquired Source of acquisition Cost, normal purchase price Full call number Barcode Copy number Cost, replacement price Koha item type
      Non-fiction Kadipur Kadipur 14/08/2023 DBAD/PUB 200.00 265.92 JOS EN-121327 1 200.00 English Books

© Delhi Public Library
Hit Counter
free hit counter